000
00254nam a2200097Ia 4500
008
220204s9999 xx 000 0 und d
082
_a
NR:63:5+6
_b
RUB;2
245
0
_a
Rubber: Vithu muthal vipani vare
260
_a
Kottayam
_b
Rubber Board
_c
1990
942
_c
BK
999
_c
34325
_d
34325